Statistieken voor Top 15 Covid-19 getroffen landen - 10 mei 2021

Klik hier om de quiz te nemen!

Algemene statistieken

  • Deze quiz is 4 keer genomen
  • De gemiddelde score is 18 van 28

Antwoordstatistieken

land% Correct
België
100%
Duitsland
100%
India
100%
Iran
100%
Italië
100%
Mexico
100%
Nederland
100%
Portugal
100%
Spanje
100%
Verenigde Staten
100%
Verenigd Koninkrijk
100%
Brazilië
67%
Frankrijk
67%
Israël
67%
Polen
67%
Rusland
67%
Slovenië
67%
Turkije
67%
Zweden
67%
Argentinië
33%
Colombia
33%
Estland
33%
Kroatië
33%
Panama
33%
Tsjechië
33%
Bahrein
0%
Hongarije
0%
Litouwen
0%

Scoreverdeling

Percentiel versus Aantal Correcte Antwoorden

Procent van Mensen met Elke Score

Uw Scoregeschiedenis

U heeft deze quiz nog niet genomen